000 00668nam a22001457a 4500
008 110325t xxu||||| |||| 00| 0 eng d
050 _aBF637
_b.L43 1996
245 _aleadership:
_bMaking Human Strength Productive Unit 6, The Right Person for The Right Job/
_cby The Center for Organizational Excellence at Eastern college
260 _aUSA
_bDevelopment Associates International
_c1996
300 _a21 p. ;
_c28 cm.
650 _aleadership
710 _aThe Center for Organizational Excellence at Eastern college
942 _2lcc
_cBK
999 _c38107
_d38107